| 000 | 00448pab a2200181 454500 | ||
|---|---|---|---|
| 008 | 180718b2010 xxu||||| |||| 00| 0 eng d | ||
| 100 | _aArrunada, Benito | ||
| 245 | _aProtestants and Catholics: Similar work ethic, different social ethic | ||
| 260 | _c2010 | ||
| 300 | _ap.890-918. | ||
| 362 | _aSep | ||
| 650 | _aCatholics | ||
| 650 | _aProtestants | ||
| 650 | _aChristians | ||
| 773 | _aEconomic Journal | ||
| 908 | _aN | ||
| 909 | _a89352 | ||
| 999 |
_c89352 _d89352 |
||